U.S. States With a Majority of People Living in a Single Metro Area - Statistics

General Stats
  • This quiz has been taken 62 times
  • The average score is 10 of 14
Answer Stats
% State Metro Area % Correct
64.7 New York New York
88%
69.1 Hawaii Honolulu
79%
68.3 Illinois Chicago
77%
100.0 Rhode Island Providence
77%
52.1 Washington Seattle
77%
68.4 Arizona Phoenix
70%
64.0 Massachusetts Boston
70%
55.0 Alaska Anchorage
67%
73.4 Nevada Las Vegas
67%
62.4 Minnesota Minneapolis
65%
57.3 Georgia Atlanta
60%
51.2 Colorado Denver
58%
74.5 New Jersey New York
58%
55.9 Delaware Philadelphia
53%
No matching quizzes found
Score Distribution
Percent of People with Each Score
Percentile by Number Answered
Your Score History
You have not taken this quiz